000 00484nam a22002057a 4500
001 21556
005 20260314103248.0
008 260314b |||||||| |||| 00| 0 spa d
041 _aESP
082 _a345.2
_bB119A
100 _aBaytelman A., Andrés
245 _aLitigación penal:
_bjuicio oral y prueba
260 _a :
_b ,
_c2008
300 _a434 páginas :
_b ;
_c21cm.
440 _a ;
650 _aGEN
654 _aCDE
700 _a;
942 _cLIB
_dJUS
_fJUS
_2ddc
999 _c21556
_d21556